000 02037nam a2200385 c 4500
003 BLK
005 20181015154223.0
008 180412b bul|||||r ||||||| ||bul||
010 _aKNG00009625000
020 _a954-439-380-3
_bиздат.: Слово
040 _aBLK
041 _aBUL
_cBUL
080 _aАнтична литература в основното училище. Методика на обучението по антична литература
_b372.887
_x(075.2)
_z372.887(075.2)
080 _aБългарска литература в основното училище. Методика на обучението
_b373.3.016:821.163.2
_x(075.2)
_z373.3.016:821.163.2(075.2)
080 _aБългарски език в основното училище. Методика на обучението
_b373.3.016:811.163.2
_x(075.2)
_z373.3.016:811.163.2(075.2)
100 1 _aШумелова, Мария Георгиева
_eпърви автор
_9253384
139 _aШумелова, Мария Георгиева
_bШ 97
245 1 0 _aРъководство за ученика по български език и литература
_bЗа VIII кл. на СОУ
_cМария Георгиева Шумелова.
257 _aBGR
260 В. Търново
_bСлово
_c1995
_fВ. Търново : Абагар АД
300 _a239 с.
_bс табл., сх., ил.
_c20 см
380 _a3
500 _aБиблиогр. след отд. разд.
650 4 _aСтарогръцка литература - учебни помагала
_9248155
650 4 _aСтаробългарска литература - учебници и учебни помагала
_9253220
650 4 _aБългарски език - учебни помагала
_9242056
653 _aлитература
653 _aVІІІ кл.
653 _aръководства
852 _aЦб 184159
856 4 _qpdf
_u
856 4 _qpdf
_u
942 _cKNG
_n0
_04
944 _aCR
_c15.01.2003
_kВаля_Йорданова
944 _aED
_c18.12.2008
_k
999 _c8283
_d8283